01009cam a22002411 4500001001300000003000400013005001700017008004100034010001700075035001800092040001900110050001600129110004100145245021600186260002400402300001900426500001600445504002400461650005700485650006400542740010900606740005200715hew67000034 DLC20260227111515.0731119s1966 xx 000 0 eng  ahew67000034  a(OCoLC)744112 aDLCcOClUdDLC00aL112b.A4531 aUnited States.bOffice of Education.10aEducation of handicapped children and youth,ba conference report: Possiblities and plans under the provision of title I, Elementary and secondary education act of 1965, Washington, D.C., August 11 and 12, 1965. a[Washington,c1966] av, 56p.c26cm. a"OE-35081." aBibliography: p.44. 0aChildren with disabilitiesxEducationzUnited States 0aChildren with social disabilitiesxEducationzUnited States0 aPossibilities and plans under the provisions of title I, Elementary and secondary education act of 1965.0 aElementary and secondary education act of 1965.